| 000 | 00456nam a2200169Ia 4500 | ||
|---|---|---|---|
| 008 | 240729s9999 xx 000 0 und d | ||
| 022 | _a2357-0334 | ||
| 245 | 0 | _aMicrobial Biosystems Journal | |
| 260 | _aEgypt | ||
| 260 | _bArab Society for Fungal Conservation | ||
| 650 | _a Microbial ecology | ||
| 650 | _a Microbiology | ||
| 650 | _aScience | ||
| 856 | _uhttps://doaj.org/toc/6ef2532fa604404f997b1866fcee8d4d | ||
| 942 | _2ddc | ||
| 942 | _cDOAJEJ | ||
| 999 |
_c74559 _d74559 |
||
| 945 |
_a1 _bMadushi Gamage _c1 _dMadushi Gamage |
||